MARC

LEADER 00000nam0a2200000 4500
001 678816
005 20250225095648.0
090 |a 678816 
100 |a 20250225d1979 k||y0rusy50 ca 
101 0 |a rus 
102 |a RU 
105 |a y z 001yy 
181 0 |a i   |b  e  
182 0 |a n 
183 0 |a nc  |2 RDAcarrier 
200 1 |a Религия в истории общества  |f А. Д. Сухов  |g Академия наук СССР 
203 |a Текст  |b визуальный  |c непосредственный 
210 |a Москва  |c Наука  |d 1979 
215 |a 96 с. 
225 1 |a Научно-атеистическая серия 
283 |a volume  |2 RDAcarrier 
320 |a Библиогр. в тексте 
606 1 |a Религия  |x История  |9 49214 
610 1 |a общество 
610 1 |a религиозное сознание 
610 1 |a религиозное развитие 
610 1 |a научное познание 
610 1 |a религиозные традиции 
610 1 |a исторические формы 
686 |2 rubbk  |a Э23 
700 1 |a Сухов  |b А. Д.  |g Андрей Дмитриевич 
712 0 2 |a Академия наук СССР  |c (Ленинград/Москва)  |c (1925-1991)  |4 570  |9 23473 
801 0 |a RU  |b 63413507  |c 20250225 
830 |a Ретро2025Каталогизация Кузнецова 
850 |a 63413507 
942 |c BK